00717naa a2200181 a 450000100080000000500110000800800410001910000240006024500350008426000090011952002060012865000230033465000230035765000170038065000220039765000210041977300950044011335392023-09-01 2023 bl uuuu u00u1 u #d1 aGOULART J??NIOR, R. aBanana.h[electronic resource] c2023 aAn??lise do desempenho anual do mercado mundial, nacional e estadual, evolu????o da safra e dos pre??os ao produtor e no atacado, volume e valores do com??rcio externo da bananicultura entre 2021-2022. aCom??rcio exterior aEconomia agr??cola aFruticultura aMercado agr??cola aPre??o agr??cola tS??ntese Anual da Agricultura em Santa Catarina 2021-2022, Florian??polis, p. 29-40, 2023.